| Поле | Инд. | ПП | Название | Значение |
|---|---|---|---|---|
| Тип записи | a | |||
| Библиографический уровень | m | |||
| 001 | Контрольный номер | a082a4a47cf749658eea7f82b9213ac8 | ||
| 005 | Дата корректировки | 20251112160603.1 | ||
| 020 | a | ISBN | 978-5-222-43887-9 | |
| c | Цена, тираж | 162-00 | ||
| 084 | a | Индекс другой классификации/Индекс ББК | 84(2=411.2)1 | |
| 090 | a | Полочн. индекс | 84(2=411.2)1 | |
| c | Каталожный индекс | 84(2=411.2)1 | ||
| x | Авторский знак | М 22 | ||
| 091 | i | Возрастная адресация (DOS) | 6+ | |
| 097 | b | Оператор | Кондратьева; Попеленкова | |
| 100 | 1_ | a | Автор | Мамин-Сибиряк Д. Н. |
| q | Полное имя | Мамин-Сибиряк Дмитрий Наркисович | ||
| 245 | 10 | a | Заглавие | Рассказы |
| b | Продолж. заглавия | [6+] | ||
| c | Ответственность | художник Е. Буслаева | ||
| 250 | a | Основные сведения об издании | 5-е изд. | |
| 260 | a | Место издания | Ростов-на-Дону | |
| b | Издательство | Феникс | ||
| c | Дата издания | 2025 | ||
| 300 | a | Объем | 64 с. | |
| 440 | _0 | a | Серия | Школьная программа по чтению |
| 440 | _0 | a | Серия | Начальная школа |
| 500 | a | Примечание | Содержание : Емеля-охотник. Вертел | |
| 900 | a | Имя макрообъекта | о15714551 | |
| 901 | t | Тип документа | m |